000 00425nam a2200181Ia 4500
001 15960
005 20260306170234.0
008 260306t2009||||xx |||||||||||||| ||und||
041 _aESP
082 _a620.86
_bG49
100 _aGiraldo García, Andres
_eAUT
245 0 _aSeguridad industrial
260 _c2009
300 _ax, 151 páginas :
_c24 cm.
650 _aGEN
654 _aCII
942 _cLIB
_dJUS
_fJUS
_2ddc
_n
999 _c15960
_d15960